| 000 | 00609nam a2200217 a 4500 | ||
|---|---|---|---|
| 999 |
_c2661 _d2661 |
||
| 001 | 2661 | ||
| 003 | BD-JhCC | ||
| 005 | 20171105193253.0 | ||
| 008 | 171105s1974 bg ||||| |||| 00| 0 ben d | ||
| 035 | _a(BD-JhCC)2661 | ||
| 040 |
_aBD-JhCC _dBD-JhCC |
||
| 041 | _aben | ||
| 082 |
_a891.4435 _bALM 1974 |
||
| 100 | _aশামসুল, আলম | ||
| 245 |
_aনীল দুপুর / _cশামসুল আলম |
||
| 260 |
_aঢাকা : _bমুক্তধারা, _c১৯৭৪ |
||
| 300 |
_a110 p. : _c22cm. |
||
| 650 | _aCollection of Short stories | ||
| 942 |
_2ddc _cBK |
||